=LDR 00000nam 2200000 4500 =001 INLIS000000000022048 =005 20130612120839 =008 ***********************************Ind** =035 ##$$a0010-061300000022048 =041 ##$$a Ind =082 ##$$a 530 =090 ##$$a 530, Ren-a =100 ##$$a RENRENG, Abdullah =245 ##$$a Asas-asa fisika SMA 2, Drs.Abdullah Renreng =260 ##$$a 1989 $b Bandung =300 ##$$a vii, 181 hlm., ilus., 21 cm =650 ##$$a Fisika SMA =850 ##$$a NBPNMAT =990 ##$$a 0001/BPAP-NTB/20142014